Central Library OPAC University of Rajshahi

Egypt in the classical geographers / (Record no. 26546)

MARC details
000 -LEADER
fixed length control field 00841nam a22002771 4500
001 - CONTROL NUMBER
control field 26546
003 - CONTROL NUMBER IDENTIFIER
rucl marc code BD-RjUL
005 - DATE AND TIME OF LATEST TRANSACTION
control field 20211209051030.0
008 - FIXED-LENGTH DATA ELEMENTS--GENERAL INFORMATION
fixed length control field 781219s1942 ua 000 0 eng
035 ## - SYSTEM CONTROL NUMBER
System control number (BD-RjUL)26616
System control number (OCoLC)4475430
040 ## - CATALOGING SOURCE
Original cataloging agency DLC
Transcribing agency OCl
Modifying agency DLC
-- BD-RjUL
Language of cataloging eng
041 ## - LANGUAGE CODE
Language code of text/sound track or separate title eng
082 ## - DEWEY DECIMAL CLASSIFICATION NUMBER
Classification number 911.32
Author mark and year BAE 1942
100 1# - MAIN ENTRY--PERSONAL NAME
Personal name Ball, John,
Dates associated with a name 1872-1941.
9 (RLIN) 81649
245 00 - TITLE STATEMENT
Title Egypt in the classical geographers /
Statement of responsibility, etc. the late Dr. John Ball.
260 ## - PUBLICATION, DISTRIBUTION, ETC. (IMPRINT)
Place of publication, distribution, etc. Cairo :
Name of publisher, distributor, etc. Government press, Bulâq,
Date of publication, distribution, etc. 1942.
300 ## - PHYSICAL DESCRIPTION
Pagination vi, 203 p. :
Illustrations fill. ;
Size 27 cm.
650 #0 - SUBJECT ADDED ENTRY--TOPICAL TERM
Topical term or geographic name as entry element Geographers.
9 (RLIN) 81650
651 #0 - SUBJECT ADDED ENTRY--GEOGRAPHIC NAME
Geographic name Egypt
General subdivision Historical geography.
9 (RLIN) 81651
700 1# - ADDED ENTRY--PERSONAL NAME
Personal name Murray, G. W.
Fuller form of name (George William),
Dates associated with a name 1885-
Relator term ed.
710 1# - ADDED ENTRY--CORPORATE NAME
Corporate name or jurisdiction name as entry element Egypt.
Title of a work Survey of Egypt.
9 (RLIN) 81653
942 ## - ADDED ENTRY ELEMENTS (KOHA)
Source of classification or shelving scheme Dewey Decimal Classification
Koha item type Books
Holdings
Lost status Source of classification or shelving scheme Damaged status Not for loan Collection code Permanent Location Current Location Shelving location Date acquired Source of acquisition Cost, normal purchase price Total Checkouts Full call number Date last seen Copy number Koha item type
  Dewey Decimal Classification   Added to bundle Non-fiction Central Library, University of Rajshahi Central Library, University of Rajshahi Reading Room 01/04/1963 Zitlinger 0.00   911.32 BAE 1942 22/03/2014 C-1 Books